| 000 | 00709cam a2200205 4500 | ||
|---|---|---|---|
| 001 | J543 | ||
| 008 | 090401t1992 xxu||||| |||| 00| 0 eng d | ||
| 035 | _a(Sirsi) u75471 | ||
| 041 | _aeng | ||
| 050 | _a332.6730947 | ||
| 100 | _aWilliamson, Peter | ||
| 245 | _aCompany law | ||
| 260 |
_aLondon _bInstitution and College Conferences _c1992 |
||
| 300 | _a14p. ; 30cm. | ||
| 350 | _a0 | ||
| 520 | _aPaper presented at the conference Property Development - Eastern Europe on 25th February 1992 during British Property Week held at Olympia Conference Centre. Deals with opportunities for foreign investment in Central and Eastern Europe. | ||
| 690 | _aOVERSEAS-EUROPE | ||
| 942 | _n0 | ||
| 948 | _c04/03/1997 | ||
| 999 |
_c96021 _d96021 |
||